000 00942nam a2200265Ia 4500
003 OSt
005 20221005105042.0
006 a|||||r|||| 00| 0
007 ta
008 221004b |||||||| |||| 00| 0 hin d
020 _cINR 45.00
024 _a37872
037 _b1515, 21/02/2018, Bookwell
_cTextual
040 _aCRL
_cCRL
_bhin
041 _2hin
_ahin
082 _aPv, 152N8
100 _aबोरा, राजमल, ले.
245 0 _aऐतिहासिक भाषा विज्ञान
246 _aAitihāsik bhāṣhā vijnyāna
260 _aदिल्ली
_bहिंदी माध्यम कार्यान्वय निदेशालय भारत
_c1998
300 _a114पृ0
_ccm.
650 _aहिन्दी भाषा
942 _hPv, 152N8
_cTEXL
_2cc
999 _c1014594
_d1014594